Introduction to industrial organization, (Record no. 85215)

MARC details
000 -LEADER
fixed length control field 00633nam a2200229 4500
001 - CONTROL NUMBER
control field sa 68013617
003 - CONTROL NUMBER IDENTIFIER
control field DLC
005 - DATE AND TIME OF LATEST TRANSACTION
control field 20260227112623.0
008 - FIXED-LENGTH DATA ELEMENTS--GENERAL INFORMATION
fixed length control field 691209s1967 ii a b 00110 eng
010 ## - LIBRARY OF CONGRESS CONTROL NUMBER
LC control number sa 68013617
025 ## - OVERSEAS ACQUISITION NUMBER
Overseas acquisition number PL480:I-E-11086
050 0# - LIBRARY OF CONGRESS CALL NUMBER
Classification number HD31
Item number .G45 1967
082 ## - DEWEY DECIMAL CLASSIFICATION NUMBER
Classification number 658
100 10 - MAIN ENTRY--PERSONAL NAME
Personal name Ghan, P. T.
245 1# - TITLE STATEMENT
Title Introduction to industrial organization,
Statement of responsibility, etc. by P. T. Ghan.
250 ## - EDITION STATEMENT
Edition statement [4th ed., rev. and enl.]
260 0# - PUBLICATION, DISTRIBUTION, ETC.
Place of publication, distribution, etc. Poona,
Name of publisher, distributor, etc. A. V. G. Prakashan
Date of publication, distribution, etc. [1967]
300 ## - PHYSICAL DESCRIPTION
Extent xvi, 384 p.
Other physical details illus.
Dimensions 22 cm.
350 ## - PRICE (NR) (BK AM CF MU VM SE) [OBSOLETE]
Price 9.00
504 ## - BIBLIOGRAPHY, ETC. NOTE
Bibliography, etc. note Bibliography: p. [xiii]-xvi.
650 #0 - SUBJECT ADDED ENTRY--TOPICAL TERM
Topical term or geographic name entry element Industrial management.

No items available.

Powered by Koha